Movies of 1994 Quiz Stats

 Plays Quiz Updated Apr 30, 2018

Also try: Movies of 1995
Challenge
Share
Tweet
Score 0/16 Timer 06:00
6 Plays Today
Scene Movie % Correct
The Lion King
98.8%
Forrest Gump
97.8%
The Mask
94.7%
Ace Ventura: Pet Detective
92.4%
Dumb & Dumber
91.8%
Speed
86.4%
Pulp Fiction
86.1%
The Shawshank Redemption
78.3%
Scene Movie % Correct
The Santa Clause
72.4%
Four Weddings and a Funeral
63.9%
True Lies
58.3%
Clerks.
57.9%
The Crow
57.8%
Léon: The Professional
50.8%
Natural Born Killers
50.4%
Street Fighter
34.3%

You're not logged in!

Compare scores with friends on all Sporcle quizzes.
OR
Log In

You Might Also Like...

Show Comments

Extras

Top Quizzes Today


Score Distribution

Your Account Isn't Verified!

In order to create a playlist on Sporcle, you need to verify the email address you used during registration. Go to your Sporcle Settings to finish the process.

Report this User

Report this user for behavior that violates our Community Guidelines.

Details: